Physical geodesy / (Record no. 589657)
[ view plain ]
| 000 -LEADER | |
|---|---|
| fixed length control field | 01227cam a2200337 a 4500 |
| 001 - CONTROL NUMBER | |
| control field | 14471502 |
| 003 - CONTROL NUMBER IDENTIFIER | |
| control field | NUST |
| 005 - DATE AND TIME OF LATEST TRANSACTION | |
| control field | 20220512115944.0 |
| 008 - FIXED-LENGTH DATA ELEMENTS--GENERAL INFORMATION | |
| fixed length control field | 060728s2006 au a b 001 0 eng |
| 010 ## - LIBRARY OF CONGRESS CONTROL NUMBER | |
| LC control number | 2006931768 |
| 020 ## - INTERNATIONAL STANDARD BOOK NUMBER | |
| International Standard Book Number | 9783211335444 (pbk. : alk. paper) |
| 020 ## - INTERNATIONAL STANDARD BOOK NUMBER | |
| International Standard Book Number | 3211335447 (pbk. : alk. paper) |
| 038 ## - RECORD CONTENT LICENSOR | |
| Staff Name | waseem |
| 040 ## - CATALOGING SOURCE | |
| Original cataloging agency | DLC |
| Transcribing agency | DLC |
| Modifying agency | DLC |
| 050 00 - LIBRARY OF CONGRESS CALL NUMBER | |
| Classification number | QB281 |
| Item number | .H545 2006 |
| 082 ## - DEWEY DECIMAL CLASSIFICATION NUMBER | |
| Classification number | 526.1 |
| Author Mark | HOF |
| 100 1# - MAIN ENTRY--PERSONAL NAME | |
| Personal name | Hofmann-Wellenhof, B. |
| 9 (RLIN) | 21120 |
| 245 10 - TITLE STATEMENT | |
| Title | Physical geodesy / |
| Statement of responsibility, etc. | Bernhard Hofmann-Wellenhof, Helmut Moritz. |
| 250 ## - EDITION STATEMENT | |
| Edition statement | 2nd, corrected ed. |
| 260 ## - PUBLICATION, DISTRIBUTION, ETC. | |
| Place of publication, distribution, etc. | Wien ; |
| -- | New York |
| Name of publisher, distributor, etc. | SpringerWienNewYork , |
| Date of publication, distribution, etc. | c2006. |
| 300 ## - PHYSICAL DESCRIPTION | |
| Extent | 403 p. : |
| Other physical details | ill. ; |
| Dimensions | 25 cm. |
| 563 ## - BINDING INFORMATION | |
| Binding note | HBK. |
| 650 #0 - SUBJECT ADDED ENTRY--TOPICAL TERM | |
| Topical term or geographic name entry element | Geodesy |
| Form subdivision | Textbooks. |
| 9 (RLIN) | 21121 |
| 650 #0 - SUBJECT ADDED ENTRY--TOPICAL TERM | |
| Topical term or geographic name entry element | Gravity |
| General subdivision | Measurement |
| Form subdivision | Textbooks. |
| 9 (RLIN) | 21122 |
| 700 1# - ADDED ENTRY--PERSONAL NAME | |
| Personal name | Moritz, Helmut, |
| Dates associated with a name | 1933- |
| 9 (RLIN) | 21123 |
| 856 41 - ELECTRONIC LOCATION AND ACCESS | |
| Materials specified | Table of contents only |
| Uniform Resource Identifier | <a href="http://www.loc.gov/catdir/toc/fy0708/2006931768.html">http://www.loc.gov/catdir/toc/fy0708/2006931768.html</a> |
| 856 42 - ELECTRONIC LOCATION AND ACCESS | |
| Materials specified | Publisher description |
| Uniform Resource Identifier | <a href="http://www.loc.gov/catdir/enhancements/fy0824/2006931768-d.html">http://www.loc.gov/catdir/enhancements/fy0824/2006931768-d.html</a> |
| 906 ## - LOCAL DATA ELEMENT F, LDF (RLIN) | |
| a | 7 |
| b | cbc |
| c | origcop |
| d | 2 |
| e | epcn |
| f | 20 |
| g | y-gencatlg |
| 942 ## - ADDED ENTRY ELEMENTS (KOHA) | |
| Source of classification or shelving scheme | |
| Koha item type | Book |
| Withdrawn status | Lost status | Source of classification or shelving scheme | Damaged status | Not for loan | Permanent Location | Current Location | Date acquired | Source of acquisition | Total Checkouts | Full call number | Barcode | Date last seen | Price effective from | Koha item type |
|---|---|---|---|---|---|---|---|---|---|---|---|---|---|---|
| Central Library (CL) | Central Library (CL) | 05/12/2022 | Donation | 526.1 HOF | CL-D-1785 | 05/12/2022 | 05/12/2022 | Book |
